00571nam a2200145Ia 4500008004100000100002300041245011500064245009700179260003900276260000900315300001000324650001800334650001500352856005800367170221s9999 xx 000 0 und d aBrian H. Spitzberg 4aThe Map is Not Which Territory?: Speculating on the Geo-Spatial Diffusion of Ideas in the Arab Spring of 2011  cBrian H. Spitzberg, Ming-Hsiang Tsou, Dipak K. Gupta, Li An, Jean Mark Gawron, Daniel Lusher bStudies in Media and Communication c2016 a5 : 6 xCommunication xMedia Arts uhttp://redfame.com/journal/index.php/smc/issue/view/6